| 000 | 00420nam a2200181Ia 4500 | ||
|---|---|---|---|
| 001 | 2934 | ||
| 005 | 20260306144843.0 | ||
| 008 | 260306t2007||||xx |||||||||||||| ||spa|| | ||
| 041 | _aESP | ||
| 082 |
_a234 _bL13 |
||
| 100 |
_aLadaria, Luis F. _eAUT |
||
| 245 | 0 | _aJesucristo, salvación de todos | |
| 260 | _c2007 | ||
| 300 |
_a180 páginas : _c21 cm. |
||
| 650 | _aGEN | ||
| 654 | _aCHU | ||
| 942 |
_cLIB _dJUS _fJUS _2ddc _n |
||
| 999 |
_c2934 _d2934 |
||